000
00286nam a2200121 4500
999
_c
10782
_d
10782
003
OSt
005
20220906153537.0
008
220906b ||||| |||| 00| 0 eng d
110
_a
Rimsha A
245
_a
Town planning in hot climates
260
_a
MOSCOW
_b
MIR Publishers
942
_2
ddc